00611 a2200193 4500010001400000020002300014020002600037035001300063037001500076082000800091100001600099245007900115260004900194270005000243300003400293490002600327500005000353650001400403 aENG-86198 a0070655529c199.00 a9780070655522c199.00 aEN-69731 bDBAD / PUB14a3301 a Deepashree1 aGeneral economics :cby Deepashreebfor CA common proficiency test (CPT) / aNew DelhibTata McGraw-Hill Publishingc2007 a7, West Patel NagarbNew DelhicDelhie110008 avarious pagingsc22 cm. (Pbk) aCA examination series aIncludes bibliographical references and index 0aEconomics